Cellulose and cellulose derivatives / (Record no. 71974)
[ view plain ]
| 000 -LEADER | |
|---|---|
| fixed length control field | 00915nam a2200301 a 4500 |
| 001 - CONTROL NUMBER | |
| control field | 71974 |
| 003 - CONTROL NUMBER IDENTIFIER | |
| rucl marc code | BD-RjUL |
| 005 - DATE AND TIME OF LATEST TRANSACTION | |
| control field | 20211209082209.0 |
| 008 - FIXED-LENGTH DATA ELEMENTS--GENERAL INFORMATION | |
| fixed length control field | 170511m1954 nyua b 000 0 eng |
| 035 ## - SYSTEM CONTROL NUMBER | |
| System control number | (BD-RjUL)72190 |
| 040 ## - CATALOGING SOURCE | |
| Original cataloging agency | DLC |
| Transcribing agency | OCU |
| Modifying agency | BD-RjUL |
| Language of cataloging | eng |
| 041 ## - LANGUAGE CODE | |
| Language code of text/sound track or separate title | eng |
| 082 ## - DEWEY DECIMAL CLASSIFICATION NUMBER | |
| Classification number | 547.782 |
| Edition number | 23 |
| Author mark and year | CEL 1954 |
| 245 00 - TITLE STATEMENT | |
| Title | Cellulose and cellulose derivatives / |
| Statement of responsibility, etc. | Norbert M Bikales |
| 250 ## - EDITION STATEMENT | |
| Edition statement | 2d completely rev. and augm. ed. |
| 260 ## - PUBLICATION, DISTRIBUTION, ETC. (IMPRINT) | |
| Place of publication, distribution, etc. | New York : |
| Name of publisher, distributor, etc. | Interscience Publishers, |
| Date of publication, distribution, etc. | 1954. |
| 300 ## - PHYSICAL DESCRIPTION | |
| Pagination | pt. : |
| Illustrations | ill. ; |
| Size | 24 cm. |
| 504 ## - BIBLIOGRAPHY, ETC. NOTE | |
| Bibliography, etc | Includes bibliographical references. |
| 505 ## - FORMATTED CONTENTS NOTE | |
| Formatted contents note | pt. 1 -- pt. 2 -- pt. 3 --- |
| 650 #0 - SUBJECT ADDED ENTRY--TOPICAL TERM | |
| Topical term or geographic name as entry element | Cellulose. |
| 9 (RLIN) | 163618 |
| 700 1# - ADDED ENTRY--PERSONAL NAME | |
| Personal name | Ott, Emil |
| Personal name | Spurlin, Harold M. |
| Personal name | Grafflin, Mildred W., |
| 830 ## - SERIES ADDED ENTRY--UNIFORM TITLE | |
| Uniform title | High polymers, |
| 942 ## - ADDED ENTRY ELEMENTS (KOHA) | |
| Source of classification or shelving scheme | Dewey Decimal Classification |
| Koha item type | Books |
| Lost status | Source of classification or shelving scheme | Damaged status | Not for loan | Collection code | Permanent Location | Current Location | Shelving location | Date acquired | Source of acquisition | Total Checkouts | Full call number | Date last seen | Copy number | Koha item type |
|---|---|---|---|---|---|---|---|---|---|---|---|---|---|---|
| Dewey Decimal Classification | Non-fiction | Central Library, University of Rajshahi | Central Library, University of Rajshahi | 01/12/1965 | Zeitlinger | 547.782 CEL Pt-2 1963 | 16/05/2017 | C-5 | Books |